000 007250000a22001810004500
082 0 4 _aG 901 R521h
100 1 _aRichardson, Alan
245 1 0 _aHistory sacred and profane / Alan Richardson
260 _aLondon : SCM Press
300 _a328 páginas
500 _aIncluye índices (p. 317-328)
501 _aPasta dura
504 _aIncluye bibliografía (p. 295-316)
505 0 0 _aLa crisis del siglo XVIII - Los dos sistemas del mundo - La búsqueda de la verificación histórica - Desvinculación de la historia - Participación en la historia - Historia y lo milagroso - La fe y la historia - El testigo de la historia
650 1 4 _aHistoria \ Fe - Historia \ Historia - Siglo VIII
001 19892
942 _cBK
999 _c46249
_d46249